000 00776nam a22002177a 4500
005 20081020143427.0
008 081020t xxu||||| |||| 00| 0 eng d
010 _aENG-84151
020 _a8182201322
020 _c590.00 (hb)
035 _aEN-67684
082 _a954.0842 / ABD
100 _aAbdul Sabahuddin
245 _aIndian nationalism and Islamic politics /
_cby Abdul Sabahuddin
260 _aNew Delhi
_bGlobal Vision Publishing House
260 _c2006
300 _avii,259p
_c22cm
500 _aIncludes bibliographical references and index
942 _2ddc
_cEN
_h954.0842
_mABD
999 _c17115
_d17115